Evaluacion institucional de unidades academicas pertenecientes a la universidad nacional de cuyo /

Guardado en:
Autor Principal: Universidad Nacional De Cuyo, Ed.
Formato: Libro
Publicado: Mendoza : Facultad de Filosofía y Letras de la U.n.c., 1996
Materias:
Etiquetas: Agregar Etiqueta
Sin Etiquetas, Sea el primero en etiquetar este registro!
LEADER 00775nam a22001935a 4500
001 EHU.bham022407
003 AR-BHAM
005 20101119133859.0
008 130507s1996##################000#0#####d
082 3 7 |a 378 
100 1 |a Universidad Nacional De Cuyo, Ed. 
245 1 0 |a Evaluacion institucional de unidades academicas pertenecientes a la universidad nacional de cuyo /  |c Ed. Universidad Nacional De Cuyo 
260 |a Mendoza :  |b Facultad de Filosofía y Letras de la U.n.c.,  |c 1996 
500 |a Paginación variada.- 
653 |a EnseÑanza universitaria-argentina 
653 |a EnseÑanza universitaria-estudios 
653 |a EnseÑanza universitaria-investigacion 
653 |a EnseÑanza universitaria-personal 
859 |a AR-BHAM  |b BIB. HUMANIDADES - General  |h 378  |i UN3-1  |p 266.97  |t Ej.1